000 00473nam a2200157Ia 4500
003 GCL
008 140319s9999 xx 000 0 ara d
040 _aGCL /
_cGCL
082 0 4 _aط
_b745
_bم ز
100 1 _aمحمد على عبدالحفيظ
245 1 0 _aالزخارف الاسلامية الهندسية /
_cمحمد على عبدالحفيظ
490 _aاطفالنا
_v0
650 0 4 _aالاطفال
650 0 4 _aالتربية الفنية
942 _2ddc
_cBK
999 _c42155
_d42155